000 00567cam a2200145 4500500
005 20260201082611.0
041 _afre
042 _adc
100 1 0 _aMoreau de Bellaing, Louis
_eauthor
245 0 0 _aSerge Latouche, L’Occidentalisation du monde, Paris, La Découverte/Poche, 2005, préface inédite de l’auteur.
260 _c2005.
500 _a5
786 0 _nL'Homme & la Société | 156-157 | 2 | 2005-06-01 | p. 199i-216i | 0018-4306
856 4 1 _uhttps://shs.cairn.info/revue-l-homme-et-la-societe-2005-2-page-199i?lang=fr&redirect-ssocas=7080
999 _c1640298
_d1640298